[Event "Open Usti n/L 2023"]
[Site "?"]
[Date "2023.09.02"]
[Round "5.11"]
[White "Herichova, Agata"]
[Black "Jakoubek, Stepan"]
[Result "0-1"]
[WhiteElo "1000"]
[BlackElo "1246"]
[PlyCount "108"]
[EventDate "2023.??.??"]
[SourceVersionDate "2023.09.02"]

1. e4 c6 2. d4 d5 3. e5 c5 4. c3 Nc6 5. Be2 Qb6 6. a3 cxd4 7. cxd4 Nxd4 8. Nf3
Nxf3+ 9. Bxf3 e6 10. O-O Bc5 11. Nc3 Ne7 12. Qe1 O-O 13. b4 Bd4 14. Bb2 Bxc3
15. Bxc3 Ng6 16. Bg4 Bd7 17. a4 Rac8 18. Bd2 Qc7 19. f4 Qc4 20. Qe3 Qe4 21. Bf3
Qxe3+ 22. Bxe3 a6 23. h3 Rc4 24. Bd2 Nxf4 25. Bg4 Ng6 26. Rfe1 Rc2 27. Re2 Nxe5
28. Rf2 Nxg4 29. hxg4 Rfc8 30. a5 R8c4 31. Raf1 Be8 32. g5 Rg4 33. Be3 Rxf2 34.
Rxf2 Rxb4 35. Bd2 Rb2 36. Be3 Rxf2 37. Bxf2 f6 38. Be3 fxg5 39. Bxg5 Kf7 40.
Kf2 Kg6 41. Bd2 Kf5 42. Kf3 h5 43. g3 e5 44. Bc1 g5 45. Bd2 e4+ 46. Ke3 Bc6 47.
Bc1 Kg4 48. Kf2 h4 49. gxh4 gxh4 50. Kg2 d4 51. Kf2 h3 52. Kg1 Kg3 53. Bd2 h2+
54. Kh1 e3# 0-1

[Event "Open Usti n/L 2023"]
[Site "?"]
[Date "2023.09.02"]
[Round "6.1"]
[White "Jirasko, Miroslav"]
[Black "Buchcar, Tomas"]
[Result "0-1"]
[WhiteElo "2082"]
[BlackElo "2167"]
[PlyCount "68"]
[EventDate "2023.??.??"]
[SourceVersionDate "2023.09.02"]

1. e4 c6 2. Nf3 d5 3. d3 g6 4. Nbd2 Bg7 5. d4 Bg4 6. e5 e6 7. h3 Bxf3 8. Nxf3
Qb6 9. Bd3 Ne7 10. O-O Nd7 11. c3 c5 12. h4 Nc6 13. Bb1 h5 14. b3 cxd4 15. cxd4
Bf8 16. Be3 Ba3 17. Qe2 Ndb8 18. Rd1 Ne7 19. Ng5 Nbc6 20. Qf3 Nf5 21. Bxf5 gxf5
22. Rab1 Be7 23. Rbc1 Bxg5 24. Bxg5 Nxd4 25. Qd3 Nc6 26. Bf6 Rg8 27. Qf3 Rg4
28. Rxd5 exd5 29. Qxf5 Qb4 30. Qxh5 Qe4 31. g3 Rg8 32. e6 Qxe6 33. Bc3 O-O-O
34. Re1 Qg6 0-1

[Event "Open Usti n/L 2023"]
[Site "?"]
[Date "2023.09.02"]
[Round "6.2"]
[White "Lieber, Lukas"]
[Black "Hrbek, Jachym"]
[Result "1-0"]
[WhiteElo "1987"]
[BlackElo "1705"]
[PlyCount "43"]
[EventDate "2023.??.??"]
[SourceVersionDate "2023.09.02"]

1. Nf3 d5 2. e3 c6 3. c4 e6 4. b3 Nf6 5. Bb2 Bd6 6. Nc3 Nbd7 7. d4 O-O 8. Qc2
Re8 9. Be2 e5 10. dxe5 Nxe5 11. Nxe5 Bxe5 12. cxd5 Nxd5 13. Nxd5 Qxd5 14. O-O
Bf5 15. Qc1 Qd6 16. h3 Qg6 17. Bxe5 Rxe5 18. Kh2 Rae8 19. Qb2 Be4 20. g3 Qh6
21. Rad1 Bf5 22. Qxe5 1-0

[Event "Open Usti n/L 2023"]
[Site "?"]
[Date "2023.09.02"]
[Round "6.3"]
[White "Hadraba, Vladimir"]
[Black "Mikulka, Martin Michael"]
[Result "1/2-1/2"]
[WhiteElo "2012"]
[BlackElo "1725"]
[PlyCount "61"]
[EventDate "2023.??.??"]
[SourceVersionDate "2023.09.02"]

1. e4 e6 2. d4 d5 3. Nc3 Nf6 4. e5 Nfd7 5. f4 c5 6. Nf3 Nc6 7. Ne2 cxd4 8.
Nexd4 Bc5 9. c3 Qb6 10. b4 Bxd4 11. Nxd4 Nxd4 12. Qxd4 Qxd4 13. cxd4 Nb6 14.
Bd2 Bd7 15. Bd3 Rc8 16. Ke2 O-O 17. Rhc1 Rxc1 18. Rxc1 Rc8 19. Rxc8+ Nxc8 20.
b5 Ne7 21. a4 g6 22. g4 Nc8 23. a5 Kf8 24. Bb4+ Kg8 25. Kf3 Kg7 26. h4 h5 27.
gxh5 gxh5 28. Ba3 f5 29. Ke3 Be8 30. Be2 Bg6 31. Bb4 1/2-1/2

[Event "Open Usti n/L 2023"]
[Site "?"]
[Date "2023.09.02"]
[Round "6.5"]
[White "Bazantova, Marie"]
[Black "Peroutka, Simon"]
[Result "1/2-1/2"]
[WhiteElo "1779"]
[BlackElo "1753"]
[PlyCount "63"]
[EventDate "2023.??.??"]
[SourceVersionDate "2023.09.02"]

1. e4 c5 2. c3 d5 3. exd5 Qxd5 4. d4 cxd4 5. cxd4 Nc6 6. Nf3 Bg4 7. Be2 e6 8.
O-O Nf6 9. h3 Bh5 10. Nc3 Qa5 11. Bb5 Bb4 12. Bxc6+ bxc6 13. Qd3 O-O 14. Ne5
Rac8 15. Bg5 Nd5 16. Bd2 f6 17. Ng4 Bg6 18. Qe2 Rfe8 19. Rfc1 Qd8 20. Nxd5 Bxd2
21. Ndxf6+ gxf6 22. Qxd2 Kg7 23. Rd1 Qd6 24. Rac1 Red8 25. Qe3 h5 26. Nh2 Rb8
27. Qc3 Qb4 28. Qxb4 Rxb4 29. Rxc6 Rdxd4 30. Rdc1 Rxb2 31. Rc7+ Kh6 32. Nf3
1/2-1/2

[Event "Open Usti n/L 2023"]
[Site "?"]
[Date "2023.09.02"]
[Round "6.6"]
[White "Hellinger, Jan"]
[Black "Veverka, Vladimir"]
[Result "0-1"]
[WhiteElo "1576"]
[BlackElo "1851"]
[PlyCount "78"]
[EventDate "2023.??.??"]
[SourceVersionDate "2023.09.02"]

1. Nf3 e6 2. d4 Nf6 3. c4 b6 4. Nc3 Bb4 5. Qc2 Bb7 6. g3 Bxf3 7. exf3 O-O 8.
Bg2 Nc6 9. Be3 d5 10. a3 Bxc3+ 11. Qxc3 dxc4 12. Qxc4 Ne7 13. O-O Ned5 14. Rac1
h6 15. Rfd1 Qe7 16. Rc2 Rfd8 17. Rdc1 a5 18. Qb5 Rd7 19. Rc6 Ne8 20. Qe2 Rad8
21. Bf1 Qf6 22. Bg2 Ne7 23. R6c2 Nf5 24. f4 Nxd4 25. Bxd4 Rxd4 26. Bc6 Nd6 27.
Bg2 c5 28. Qa6 Rb8 29. Qe2 Nf5 30. Rd1 Rxd1+ 31. Qxd1 Rd8 32. Rd2 Rxd2 33. Qxd2
Qd4 34. Qe2 Nd6 35. Bf1 Ne4 36. Bg2 Nd2 37. Qb5 Qc4 38. Qe8+ Kh7 39. Qxf7 Qc1+
0-1

[Event "Open Usti n/L 2023"]
[Site "?"]
[Date "2023.09.02"]
[Round "6.7"]
[White "Jakoubek, Stepan"]
[Black "Mrkvan, Frantisek"]
[Result "0-1"]
[WhiteElo "1246"]
[BlackElo "1815"]
[PlyCount "132"]
[EventDate "2023.??.??"]
[SourceVersionDate "2023.09.02"]

1. d4 Nf6 2. Bf4 d5 3. Nf3 e6 4. e3 c5 5. c3 Nc6 6. Bb5 Bd7 7. Bxc6 Bxc6 8.
Nbd2 cxd4 9. Nxd4 Bd6 10. Nxc6 bxc6 11. Bxd6 Qxd6 12. O-O O-O 13. Nf3 Rab8 14.
Qc2 Rb6 15. Rfd1 Rfb8 16. Rab1 Qe7 17. b4 Ne4 18. a3 e5 19. Nd2 Nxd2 20. Qxd2
R6b7 21. Re1 f5 22. f3 Qh4 23. Qd3 Qf6 24. Rf1 Rd8 25. Qa6 Rbd7 26. b5 cxb5 27.
Qxf6 gxf6 28. Rxb5 Rc8 29. Rb3 Rdc7 30. Rc1 d4 31. exd4 exd4 32. c4 Kf7 33. c5
Ke6 34. Rd3 Rd8 35. Rc4 Ke5 36. c6 Rd6 37. Rc5+ Rd5 38. f4+ Ke4 39. Rxd5 Kxd5
40. Rh3 Ke4 41. Kf2 Kxf4 42. Rh4+ Ke5 43. Ke2 f4 44. Kd3 Rxc6 45. Rxh7 Rc3+ 46.
Kd2 Rxa3 47. h4 Rg3 48. Rxa7 Rxg2+ 49. Kd3 Rg3+ 50. Kd2 Rh3 51. Re7+ Kf5 52.
Rh7 Kg4 53. Rf7 f5 54. Rd7 d3 55. Rg7+ Kxh4 56. Rh7+ Kg3 57. Rg7+ Kh2 58. Rg5
Re3 59. Rxf5 Kg3 60. Rf8 Rf3 61. Rg8+ Kf2 62. Rg7 Rg3 63. Rf7 f3 64. Kxd3 Kg1
65. Kd2 f2 66. Ke2 Rg2 0-1

[Event "Open Usti n/L 2023"]
[Site "?"]
[Date "2023.09.02"]
[Round "6.8"]
[White "Krsek, Tomas"]
[Black "Veltrusky, Petr"]
[Result "0-1"]
[WhiteElo "1000"]
[BlackElo "1791"]
[PlyCount "66"]
[EventDate "2023.??.??"]
[SourceVersionDate "2023.09.02"]

1. e4 d6 2. d4 Nf6 3. Nc3 g6 4. f4 c6 5. Nf3 Bg7 6. Bd3 O-O 7. h3 b5 8. a3 a5
9. Be3 Bb7 10. g4 b4 11. axb4 axb4 12. Rxa8 Bxa8 13. Ne2 c5 14. dxc5 Nxe4 15.
cxd6 Qxd6 16. b3 Nc3 17. Nxc3 Bxc3+ 18. Kf2 Nd7 19. Qe2 e5 20. fxe5 Nxe5 21.
Bf4 Nxd3+ 22. Qxd3 Qxf4 23. Rd1 Re8 24. g5 Bd4+ 25. Kg2 Qxg5+ 26. Kh2 Be5+ 27.
Kh1 Qg3 28. Rd2 Bxf3+ 29. Qxf3 Qxf3+ 30. Kg1 Bd4+ 31. Kh2 Re1 32. Rg2 Be5+ 33.
Rg3 Bxg3# 0-1

[Event "Open Usti n/L 2023"]
[Site "?"]
[Date "2023.09.02"]
[Round "6.9"]
[White "Kriz, Denis"]
[Black "Kucera, Bohuslav"]
[Result "0-1"]
[WhiteElo "1000"]
[BlackElo "1703"]
[PlyCount "48"]
[EventDate "2023.??.??"]
[SourceVersionDate "2023.09.02"]

1. d4 d5 2. c4 c6 3. cxd5 cxd5 4. Bf4 Nc6 5. e3 Nf6 6. Nc3 a6 7. Qa4 Bd7 8. Qb3
Na5 9. Qc2 Bc8 10. Bd3 b5 11. Qd2 e6 12. Nce2 Nc4 13. Bxc4 Ne4 14. Qd1 Bb4+ 15.
Kf1 Nd2+ 16. Ke1 Nxc4+ 17. Kf1 Nd2+ 18. Ke1 Nb3+ 19. Kf1 Nxa1 20. Qxa1 Ba5 21.
Nf3 Bc7 22. Bxc7 Qxc7 23. g3 Qc2 24. Neg1 Qe4 0-1

[Event "Open Usti n/L 2023"]
[Site "?"]
[Date "2023.09.02"]
[Round "6.10"]
[White "Zikranets, Bohdan"]
[Black "Poliakov, Ivan"]
[Result "1/2-1/2"]
[WhiteElo "1000"]
[BlackElo "1301"]
[PlyCount "62"]
[EventDate "2023.??.??"]
[SourceVersionDate "2023.09.02"]

1. e4 c5 2. Nf3 Nc6 3. d4 cxd4 4. Nxd4 d6 5. Nc3 g6 6. g3 Bg7 7. Be3 Nf6 8. Bg2
O-O 9. O-O Bd7 10. Rc1 a6 11. a3 Qc8 12. Nxc6 bxc6 13. Qd2 Bh3 14. Bh6 Bxg2 15.
Kxg2 Rd8 16. Bxg7 Kxg7 17. Qe2 e5 18. Na4 Qb7 19. b4 h5 20. c4 Rd7 21. c5 Rad8
22. cxd6 Rxd6 23. Nc5 Qb6 24. Qe3 Rd4 25. Rfd1 Ng4 26. Qf3 R8d7 27. h3 Nf6 28.
Rxd4 Rxd4 29. Rd1 Rxd1 30. Qxd1 a5 31. Qa4 axb4 1/2-1/2

[Event "Open Usti n/L 2023"]
[Site "?"]
[Date "2023.09.02"]
[Round "6.11"]
[White "Herichova, Agata"]
[Black "Litos, Ondrej"]
[Result "0-1"]
[WhiteElo "1000"]
[BlackElo "1000"]
[PlyCount "68"]
[EventDate "2023.??.??"]
[SourceVersionDate "2023.09.02"]

1. e4 e5 2. Nf3 Nc6 3. Bc4 Bc5 4. O-O Nf6 5. Ng5 O-O 6. d3 h6 7. Nf3 d6 8. h3
Be6 9. c3 Bxc4 10. dxc4 Nxe4 11. Nbd2 Ng5 12. Qc2 Nxf3+ 13. Nxf3 f5 14. b4 e4
15. Nd2 e3 16. fxe3 Bxe3+ 17. Kh2 d5 18. cxd5 Qxd5 19. Nf3 Qd6+ 20. Kh1 Bb6 21.
Nh4 Rae8 22. Ba3 Ne5 23. Nxf5 Qg6 24. Qb3+ Kh8 25. Nh4 Qg3 26. Nf3 Nxf3 27.
Rxf3 Rxf3 28. Qd1 Rd3 29. Qf1 Rxc3 30. Bb2 Rc2 31. Bxg7+ Kxg7 32. a4 Ree2 33.
Rd1 Qxh3+ 34. gxh3 Rh2# 0-1

[Event "Open Usti n/L 2023"]
[Site "?"]
[Date "2023.09.03"]
[Round "7.1"]
[White "Buchcar, Tomas"]
[Black "Lieber, Lukas"]
[Result "1-0"]
[WhiteElo "2167"]
[BlackElo "1987"]
[PlyCount "57"]
[EventDate "2023.??.??"]
[SourceVersionDate "2023.09.03"]

1. d4 d5 2. Nf3 Nf6 3. c4 e6 4. Nc3 c5 5. cxd5 exd5 6. g3 Nc6 7. a3 Be7 8. Bg2
O-O 9. O-O c4 10. Ne5 Na5 11. Bg5 Nb3 12. Ra2 h6 13. Bxf6 gxf6 14. Nd3 Nxd4 15.
Nf4 Bc5 16. e3 Ne6 17. Nfxd5 Nc7 18. Qh5 Be6 19. Nf4 Bd6 20. Qxh6 Bxf4 21. gxf4
Bf5 22. Be4 Qd7 23. Kh1 Bg6 24. f5 Rfe8 25. fxg6 f5 26. Rg1 f6 27. Bxf5 Qe7 28.
g7 Qe4+ 29. Nxe4 1-0

[Event "Open Usti n/L 2023"]
[Site "?"]
[Date "2023.09.03"]
[Round "7.2"]
[White "Mikulka, Martin Michael"]
[Black "Jirasko, Miroslav"]
[Result "0-1"]
[WhiteElo "1725"]
[BlackElo "2082"]
[PlyCount "82"]
[EventDate "2023.??.??"]
[SourceVersionDate "2023.09.03"]

1. e4 c5 2. Nf3 Nc6 3. d4 cxd4 4. Nxd4 e5 5. Nb5 d6 6. c4 g6 7. N1c3 a6 8. Na3
Bg7 9. Nc2 Nf6 10. Be2 O-O 11. Be3 Be6 12. O-O Rc8 13. b3 b5 14. cxb5 Na7 15.
Qd2 Nxb5 16. Bxb5 axb5 17. Rac1 d5 18. exd5 Nxd5 19. Nxd5 Bxd5 20. Nb4 Bb7 21.
Rxc8 Qxc8 22. Rc1 Qa8 23. f3 e4 24. f4 Rd8 25. Qe2 Bd4 26. Bxd4 Rxd4 27. Nc2
Rd3 28. Nb4 Qa7+ 29. Kf1 Rd8 30. Nc6 Bxc6 31. Rxc6 Qd4 32. Rc1 e3 33. Re1 Qxf4+
34. Qf3 Qxh2 35. Qxe3 Rd5 36. g4 Rd2 37. Qf3 Qd6 38. a4 bxa4 39. bxa4 Rd4 40.
Re8+ Kg7 41. Qc3 Qf6+ 0-1

[Event "Open Usti n/L 2023"]
[Site "?"]
[Date "2023.09.03"]
[Round "7.3"]
[White "Hrbek, Jachym"]
[Black "Urbansky, Stepan"]
[Result "1-0"]
[WhiteElo "1705"]
[BlackElo "1631"]
[PlyCount "52"]
[EventDate "2023.??.??"]
[SourceVersionDate "2023.09.03"]

1. e4 c5 2. b4 e5 3. Nf3 Qc7 4. Nc3 Nf6 5. Bb2 d6 6. bxc5 Qxc5 7. Bb5+ Bd7 8.
Bxd7+ Nbxd7 9. O-O Be7 10. d4 exd4 11. Qxd4 Ne5 12. Qa4+ Kf8 13. Nxe5 Qxe5 14.
h3 Rg8 15. Rab1 Qh5 16. Rfe1 g5 17. e5 dxe5 18. Rxe5 Bd6 19. Ba3 Bxa3 20. Qxa3+
Kg7 21. Qc5 h6 22. Rxb7 Qg6 23. Ree7 Raf8 24. Nb5 Rc8 25. Rxf7+ Qxf7 26. Rxf7+
Kxf7 1-0

[Event "Open Usti n/L 2023"]
[Site "?"]
[Date "2023.09.03"]
[Round "7.4"]
[White "Peroutka, Simon"]
[Black "Hadraba, Vladimir"]
[Result "0-1"]
[WhiteElo "1751"]
[BlackElo "2012"]
[PlyCount "108"]
[EventDate "2023.??.??"]
[SourceVersionDate "2023.09.03"]

1. e4 c5 2. Nf3 e6 3. c4 a6 4. d4 cxd4 5. Nxd4 Nf6 6. Nc3 Qc7 7. Be3 Bb4 8. Bd3
Nc6 9. O-O O-O 10. Rc1 Ne5 11. Nce2 Nxd3 12. Qxd3 Be7 13. f3 d6 14. b4 Bd7 15.
Rc3 Rac8 16. Rfc1 Qb8 17. a4 d5 18. cxd5 Bxb4 19. Rb3 Bd6 20. Rcb1 Bxh2+ 21.
Kh1 exd5 22. Rxb7 dxe4 23. fxe4 Qe5 24. Nf3 Qh5 25. Nxh2 Bc6 26. R7b4 Ng4 27.
Bg1 Qxh2+ 28. Bxh2 Nf2+ 29. Kg1 Nxd3 30. Rd4 Rfd8 31. Bd6 Bxa4 32. Rxd3 Bc2 33.
Rbd1 f6 34. Ng3 g6 35. Kf2 Bxd1 36. Rxd1 Rc6 37. e5 fxe5 38. Ne4 a5 39. Ke2 a4
40. Bc5 Rxd1 41. Kxd1 Kf7 42. Kd2 Ke6 43. Ba3 h5 44. Kd3 Kf5 45. Be7 Rb6 46.
Nd2 Kg4 47. Ke4 Kg3 48. Kxe5 Kxg2 49. Kf4 Rb2 50. Nc4 Rb3 51. Nd2 Rb7 52. Bf6
a3 53. Kg5 a2 54. Kh4 Rb1 0-1

[Event "Open Usti n/L 2023"]
[Site "?"]
[Date "2023.09.03"]
[Round "7.5"]
[White "Veverka, Vladimir"]
[Black "Bazantova, Marie"]
[Result "1/2-1/2"]
[WhiteElo "1851"]
[BlackElo "1779"]
[PlyCount "90"]
[EventDate "2023.??.??"]
[SourceVersionDate "2023.09.03"]

1. d4 Nf6 2. c4 e6 3. Nf3 b6 4. Bg5 h6 5. Bxf6 Qxf6 6. Nc3 Bb4 7. e3 Bb7 8. Be2
O-O 9. O-O Bxc3 10. bxc3 d6 11. a4 a5 12. Nd2 Nd7 13. Bf3 Bxf3 14. Nxf3 Rad8
15. Qb1 Rfe8 16. Nd2 e5 17. Qb5 Nf8 18. Nb3 Qe6 19. Rab1 Rb8 20. Rfd1 Rec8 21.
Qc6 Ng6 22. c5 Ne7 23. Qe4 f5 24. Qd3 e4 25. Qe2 d5 26. Rdc1 Qc6 27. Qa2 Ra8
28. cxb6 cxb6 29. Nd2 Kh7 30. h3 Rab8 31. Rb5 Qd6 32. c4 Rc6 33. c5 Qc7 34.
Rcb1 Rg6 35. Qb3 f4 36. cxb6 Qd6 37. Nf1 f3 38. Ng3 h5 39. h4 Qf6 40. gxf3 exf3
41. e4 Qf4 42. Kf1 Rxg3 43. fxg3 Qxg3 44. Rb2 Qh3+ 45. Kf2 Qxh4+ 1/2-1/2

[Event "Open Usti n/L 2023"]
[Site "?"]
[Date "2023.09.03"]
[Round "7.6"]
[White "Pospichal, Michael"]
[Black "Kucera, Bohuslav"]
[Result "1-0"]
[WhiteElo "1896"]
[BlackElo "1703"]
[PlyCount "101"]
[EventDate "2023.??.??"]
[SourceVersionDate "2023.09.03"]

1. Nf3 d5 2. e3 Bg4 3. c4 e6 4. Nc3 c6 5. cxd5 exd5 6. d4 Nf6 7. Be2 Bd6 8. O-O
O-O 9. Bd2 Qc7 10. h3 Bh5 11. Ne1 Bg6 12. Rc1 a6 13. Bf3 Qe7 14. Qe2 Nbd7 15.
Nd3 Rfe8 16. Na4 Bxd3 17. Qxd3 Ne4 18. Ba5 f5 19. Nb6 Nxb6 20. Bxb6 Qh4 21. Bc5
Rad8 22. Bxd6 Rxd6 23. Bxe4 fxe4 24. Qe2 Rg6 25. Kh2 Rf8 26. b4 Rf5 27. a4 Rh5
28. Rh1 Rhg5 29. Rhg1 Rh6 30. Qf1 Rf5 31. Rc2 Qf6 32. b5 g5 33. bxc6 bxc6 34.
Qxa6 Qd6+ 35. g3 Rhf6 36. Kg2 Qf8 37. Rf1 h5 38. Rxc6 Rxf2+ 39. Rxf2 Rxf2+ 40.
Kg1 Rg2+ 41. Kxg2 Qf3+ 42. Kg1 Qxe3+ 43. Kf1 Qf3+ 44. Ke1 Qxg3+ 45. Kd2 e3+ 46.
Kc2 Qf2+ 47. Kb3 e2 48. Rg6+ Kf8 49. Qc8+ Kf7 50. Qe6+ Kf8 51. Rg8# 1-0

[Event "Open Usti n/L 2023"]
[Site "?"]
[Date "2023.09.03"]
[Round "7.7"]
[White "Veltrusky, Petr"]
[Black "Mrkvan, Frantisek"]
[Result "1/2-1/2"]
[WhiteElo "1791"]
[BlackElo "1815"]
[PlyCount "84"]
[EventDate "2023.??.??"]
[SourceVersionDate "2023.09.03"]

1. e4 c5 2. Nf3 Nc6 3. c4 e5 4. d3 d6 5. g3 Bg4 6. h3 Be6 7. Bg2 h6 8. O-O Qd7
9. Kh2 g5 10. Ne1 Bg7 11. Nc3 Nge7 12. a3 Ng6 13. Nc2 a5 14. Ne3 Nd4 15. Ned5
Qd8 16. Be3 O-O 17. b4 axb4 18. axb4 Rxa1 19. Qxa1 f5 20. f3 f4 21. Bf2 fxg3+
22. Bxg3 Nf4 23. Qd1 cxb4 24. Bxf4 bxc3 25. Be3 Bxd5 26. exd5 Nf5 27. Bf2 Nd4
28. Be3 Qa5 29. h4 gxh4 30. Qe1 Nc2 31. Qc1 Nxe3 32. Qxe3 Qa2 33. Rf2 Qb1 34.
Qe2 e4 35. dxe4 Be5+ 36. Kh3 Qg1 37. f4 Bxf4 38. Qg4+ Kh8 39. Rxf4 Qe3+ 40. Rf3
Rxf3+ 41. Bxf3 c2 42. Qd7 Kg8 1/2-1/2

[Event "Open Usti n/L 2023"]
[Site "?"]
[Date "2023.09.03"]
[Round "7.8"]
[White "Jakoubek, Stepan"]
[Black "Hellinger, Jan"]
[Result "1-0"]
[WhiteElo "1246"]
[BlackElo "1576"]
[PlyCount "31"]
[EventDate "2023.??.??"]
[SourceVersionDate "2023.09.03"]

1. e4 c5 2. Nf3 d6 3. d4 cxd4 4. Nxd4 Nf6 5. Nc3 a6 6. Be3 e5 7. Nf3 Be7 8. h3
Be6 9. Bd3 Nbd7 10. Ng5 O-O 11. Nxe6 fxe6 12. Bc4 d5 13. exd5 exd5 14. Bxd5+
Nxd5 15. Qxd5+ Kh8 16. Rd1 1-0

[Event "Open Usti n/L 2023"]
[Site "?"]
[Date "2023.09.03"]
[Round "7.10"]
[White "Poliakov, Ivan"]
[Black "Krsek, Tomas"]
[Result "1-0"]
[WhiteElo "1309"]
[BlackElo "1000"]
[PlyCount "103"]
[EventDate "2023.??.??"]
[SourceVersionDate "2023.09.03"]

1. d4 e5 2. dxe5 Nc6 3. Nf3 Qe7 4. Nc3 Nxe5 5. Nxe5 Qxe5 6. Bd2 Nf6 7. e3 Bc5
8. Bd3 d5 9. O-O O-O 10. Qf3 Bg4 11. Qg3 Qxg3 12. hxg3 Rad8 13. f3 Be6 14. Kh2
d4 15. exd4 Bxd4 16. Rab1 Bxc3 17. Bxc3 Bxa2 18. Ra1 Bd5 19. Bxf6 gxf6 20. Rxa7
Rd7 21. Raa1 Rfd8 22. Rh1 Kg7 23. Rhe1 c5 24. Ra4 Rc8 25. Rg4+ Kh8 26. Rh4 Rdc7
27. Bxh7 Kg7 28. Bf5 Rh8 29. Rxh8 Kxh8 30. Rd1 Be6 31. Bh3 b5 32. Rd6 Ra7 33.
Bxe6 fxe6 34. Rxe6 Ra2 35. Rc6 c4 36. b3 Rxc2 37. bxc4 Rxc4 38. Rb6 Rb4 39.
Rxf6 Rb1 40. Rb6 b4 41. Kh3 b3 42. Kg4 b2 43. Kg5 Kg7 44. Rb7+ Kf8 45. g4 Ke8
46. Kf5 Kd8 47. g5 Kc8 48. Rb3 Kd7 49. g6 Ke7 50. g7 Kf7 51. Rb7+ Kg8 52. Kg6
1-0

[Event "Open Usti n/L 2023"]
[Site "?"]
[Date "2023.09.03"]
[Round "7.11"]
[White "Kriz, Denis"]
[Black "Herichova, Agata"]
[Result "1-0"]
[WhiteElo "1000"]
[BlackElo "1000"]
[PlyCount "73"]
[EventDate "2023.??.??"]
[SourceVersionDate "2023.09.03"]

1. d4 d5 2. c4 e6 3. Nf3 Nf6 4. g3 Be7 5. Bg2 b6 6. O-O Bb7 7. Ne5 O-O 8. Nc3
c6 9. Qc2 Nbd7 10. Bg5 Rc8 11. e3 h6 12. Bxf6 Bxf6 13. f4 Be7 14. Nd1 Nxe5 15.
fxe5 Ba6 16. b3 Bb7 17. Nf2 Bg5 18. Rae1 Qe7 19. Nh3 Qd8 20. Rf3 Be7 21. Ref1
a6 22. Rf4 Bg5 23. Nxg5 Qxg5 24. R1f3 Qe7 25. Rh4 dxc4 26. bxc4 c5 27. Rff4
Bxg2 28. Kxg2 Qg5 29. Qe4 cxd4 30. Qxd4 Rb8 31. Kh3 Qg6 32. e4 Qg5 33. Qc3 b5
34. Rfg4 Qe7 35. Qe3 Rfc8 36. Qxh6 Kf8 37. Qh8# 1-0